| 000 | 00507nam a2200193Ia 4500 | ||
|---|---|---|---|
| 008 | 170918s9999 xx 000 0 und d | ||
| 020 | _a9780545283984 | ||
| 050 | _bP412 2009 | ||
| 100 | _aPenn, Audrey | ||
| 245 | _aChester raccoon and the acorn full of memories / | ||
| 245 | _cAudrey Penn ; illustrated by Barbara L. Gibson. | ||
| 260 | _aNew York : | ||
| 260 | _bScholastic, | ||
| 260 | _c2009 | ||
| 300 | _aunpaged : | ||
| 300 | _bcolored illustration ; | ||
| 300 | _c26cm. | ||
| 500 | _a790 | ||
| 999 |
_c341860 _d341860 |
||